000 01200nam a2200205Ia 4500
003 OSt
005 20241030102324.0
007 ca aa aaaaa
008 201103s9999 xx 000 0 und d
040 _cSSBUL
041 _abur
082 _223
_a၂၉၄.၃၄၄၃
_b၉၂၉၄ S-SAT
100 0 _aသိရိန္ဒာဘိဝံသ၊ အရှင်(ယောဆရာတော်)
245 1 0 _aလူ၏စွမ်းအားမြတ်တရား /
_cအရှင်သိရိန္ဒာဘိဝံသယောဆရာတော်။
260 _aရန်ကုန် ၊
_bချိုတေးသံစာပေတိုက်၊
_c၂၀၀၂။
300 _a၆၂ စာမျက်နှာ ၊
_c၁၇ စင်တီ။ ၁၇ စင်တီ။
500 _aS-SAT: Dr. Sai Aung Tun
650 _aဗုဒ္ဓဘာသာ
_xတရားတော်
_913507
942 _2ddc
_cBK1
999 _c16747
_d16747